000
00393nam a2200145Ia 4500
008
100122s9999 xx 000 0 und d
082
_b
56640
_a
824
100
_a
तेंडुलकर प्रिया
245
_a
असंही
260
_b
डिंपल प्रकाशन
_c
1996
300
_a
20
630
_a
असंही
730
_a
असंही
942
_c
BOOK
999
_c
433022
_d
433019